=LDR 00000nam 2200000 4500 =001 INLIS000000000033391 =005 20130612135340 =008 ***********************************Ind** =035 ##$$a0010-061300000033391 =041 ##$$a Ind =082 ##$$a F.Rom.K =090 ##$$a F.Rom.K, Har k =100 ##$$a Harris, Nabila Nurkhalisah =245 ##$$a Selimut cassandra, Nabila Nurkhalisah Harris =260 ##$$a 2009 $b Jakarta =300 ##$$a 92 hlm, ilus, 21 cm =650 ##$$a Fiksi Anak-anak =850 ##$$a NBPNMAT =990 ##$$a 0001/BPAP-NTB/20142014